| 000 | 00408nam a2200145Ia 4500 | ||
|---|---|---|---|
| 008 | 230917s9999||||xx |||||||||||||| ||und|| | ||
| 040 |
_e196834 _aMAIN |
||
| 041 | _aEnglish | ||
| 082 | _a515.353 B469P | ||
| 100 | _aBhamra, K S | ||
| 245 | 0 | _aPartial differential equations: An introductory treatment with applications | |
| 260 |
_aNew Delhi _bPHI Learning _c2010 |
||
| 300 | _axviii, 561 p. | ||
| 942 | _cBK | ||
| 999 |
_c169275 _d169275 |
||